| 000 | 00677nam a22002177a 4500 | ||
|---|---|---|---|
| 999 |
_c14507 _d14507 |
||
| 003 | AR-CdUCM | ||
| 008 | 190423b ||||| |||| 00| 0 spa d | ||
| 020 | _a978-84-683-1152-4 | ||
| 040 |
_aMUNICIPALIDAD PROVINCIAL DEL CUSCO _cBIBLIOTECA MUNICIPAL DEL CUSCO |
||
| 041 | _hspa | ||
| 082 |
_aEP / 376.12 / _bC95 |
||
| 100 |
_aCurto, Rosa M. _924788 |
||
| 245 | _a!Es fácil! títeres de dedo / | ||
| 260 |
_aBarcelona : _bEdebe, _c2014. |
||
| 300 |
_a35 páginas ; _c24 cm. _bIlustraciones, Dibujos, figuras, animales y cosas |
||
| 650 |
_aManualidades _915530 |
||
| 650 |
_aTíteres _913473 |
||
| 650 |
_aFiguras _914139 |
||
| 942 |
_2ddc _cLIBROS |
||
| 945 |
_arah _d23/04/2019 |
||